| 000 | 00601nam a2200205Ia 4500 | ||
|---|---|---|---|
| 003 | GCL | ||
| 008 | 140319s9999 xx 000 0 ara d | ||
| 040 |
_aGCL / _cGCL |
||
| 082 | 0 | 4 |
_a811.9 _bا ا |
| 100 | 1 | _aاحمد فؤاد نجم | |
| 245 | 1 | 0 |
_aاغنيات الحب والحياة / _cاحمد فؤاد نجم |
| 250 | _aالثالثة | ||
| 260 |
_aالقاهرة : _bمكتبة مدبولى ، _c1988 |
||
| 300 |
_a116 ص ؛ _c12 سم |
||
| 490 | _a | ||
| 650 | 0 | 4 | _aالشعر العربى |
| 650 | 0 | 4 | _aالادب العربى |
| 650 | 0 | 4 | _aالعصر الحديث |
| 942 |
_2ddc _cBK |
||
| 999 |
_c29793 _d29793 |
||